Playing Card Quiz - Statistics

General Stats
  • This quiz has been taken 86 times
  • The average score is 13 of 14
Answer Stats
Answer % Correct
King
98%
Queen
98%
Ace
95%
Eight
90%
Five
90%
Four
90%
Jack
90%
Joker
90%
Nine
90%
Seven
90%
Six
90%
Ten
90%
Three
90%
Two
90%
No matching quizzes found
Score Distribution
Percent of People with Each Score
Percentile by Number Answered
Your Score History
You have not taken this quiz